• 首页
  • 本馆介绍
  • 公告通知
  • 最新文献
  • 馆藏检索
  • 电子资源
  • 读者导购
  • 参考咨询
  • 我的图书馆
  • 登录
  • 详细信息显示
  • 放入我的书架
  • 预约/预借图书
  • 作者相关作品
  • 分类相关作品
  • 丛书相关作品
  • 出版社相关作品

书目信息

  • 表格格式
  • 工作单格式
  • 卡片格式
题名:
国有股权管理与运营
    
 
作者: 曲卫彬 编著
分册:  
出版信息: 北京   清华大学出版社  2005
页数: 179页
开本: 23cm
丛书名:
单 册:
中图分类: F279.241
科图分类:
主题词: 国营企业--股份公司--企业管理--中国--高等学校--教材 , 股份公司 , 企业管理 , 国营企业
电子资源:
ISBN: 7-81082-607-7
000 01226nam0 2200349 450
000 01189nam0 2200337 450
000 01187nam0 2200349 450
000 01133nam0 2200325 450
000 01151nam0 2200313 450
000 01114nam0 2200301 45
001 002988806
005 20061210143923.45
010    @a7-81082-607-7@dCNY19.00
100    @a20060829d2005 em y0chiy0110 ea
101 0  @achi
102    @aCN@b110000
105    @ay z 000yy
200 1  @a国有股权管理与运营@Aguo you gu quan guan li yu yun ying@f曲卫彬编著@FQu Wei Bin Bian Zhu
210    @a北京@c清华大学出版社@c北京交通大学出版社@d2005
215    @a179页@d23cm
300    @a高等学校经济与工商管理系列教材
330    @a本书系统阐述了国有股权管理与运营的理论、制度与方式方法。主要内容包括:国有企业改制与上市、国有股权管理运营体制、国有股权运营等。
606 0  @a国营企业@x股份公司@x企业管理@y中国@x高等学校@x教材
606 0  @a股份公司
606 0  @a企业管理
606 0  @a国营企业
690    @aF279.241@v4
701  0 @a曲卫彬@Aqu wei bin@4编著
801  0 @aCN@b中图数据@c20061210
905    @a10447@dF279.241@e356
    
    国有股权管理与运营/曲卫彬编著.-北京:清华大学出版社:北京交通大学出版社,2005
    179页;23cm
    高等学校经济与工商管理系列教材
    
    ISBN 7-81082-607-7:CNY19.00
    本书系统阐述了国有股权管理与运营的理论、制度与方式方法。主要内容包括:国有企业改制与上市、国有股权管理运营体制、国有股权运营等。
●
相关链接 在E读中查询图书 在五车中查询图书 在当当中查询图书 在豆瓣中查询图书


正题名:国有股权管理与运营     索取号:F279.241/356         预约/预借

序号 登录号 条形码 馆藏地/架位号 状态 备注
1 0610290   206102901   第一样本阅览室/ [索取号:F279.241/356] 在馆    
2 0610291   206102910   第一借阅区/ [索取号:F279.241/356] 在馆    
3 0610292   206102929   第一借阅区/ [索取号:F279.241/356] 在馆    
4 0610293   206102938   第一借阅区/ [索取号:F279.241/356] 在馆    
5 0610294   206102947   第一借阅区/ [索取号:F279.241/356] 在馆    
唐山师范学院图书馆 欢迎您!
大连网信软件有限公司© 版权所有